000 02315nam0a2200361 4500
001 RU\NLR\BIBL_A\022660455
005 20260420055809.0
010 _a978-5-908035-08-8
_9500
021 _aRU
_bКН-П-25-058117
_9КН-П-25-5596
035 _a(NLR Aleph) 022660455
090 _a13686033
_c13686033
100 _a20251106d2025 k y0rusy50 ca
101 0 _arus
_aeng
102 _aRU
105 _aa z 100yy
181 0 _ai3
_baxxe
182 0 _an
200 1 _aИнтеграция науки, общества, производства и промышленности: проблемы и перспективы
_eсборник статей Международной научно-практической конференции, 27 июня 2025 г., [г. Киров]
_fOmega Science, международный центр инновационных исследований
_g[ответственный редактор: Сукиасян Асатур Альбертович, к. э. н.]
203 _aТекст
_bвизуальный
_cнепосредственный
210 _aКиров
_c[б. и.]
_aУфа
_cМЦИИ Омега Сайнс
_d2025
215 _a235 с.
_cил., табл.
_d21
300 _aЧасть текста парал. на рус. и англ. яз.
320 _aБиблиогр. в конце ст.
606 1 _aНаучные конференции
_jСборники
_yКиров, город
_92282706
_3RU\NLR\AUTH\6601595649
686 1 _aЯ431(2Р-4Ки-2К)
702 1 _4340
_7ca
_8rus
_aСукиасян
_bА. А.
_cканд. экон. наук
_gАсатур Альбертович
_9222547
_3RU\NLR\AUTH\770222603
711 1 2 _a"Интеграция науки, общества, производства и промышленности: проблемы и перспективы", международная научно-практическая конференция
_eКиров
_f2025
_92685355
_3RU\NLR\AUTH\880634603
712 0 2 _4475
_a"Омега Сайнс", международный центр инновационных исследований
_cУфа
_9451016
_3RU\NLR\AUTH\880392581
942 _cBOOK
980 _aNB